|
|
|
|
| LEADER |
01267nam a2200361 a 4500 |
| 001 |
5800 |
| 003 |
BD-DhAAL |
| 005 |
20151126001558.0 |
| 006 |
|
| 008 |
150922s2001 enka sb 001 0 eng d |
| 020 |
|
|
|a 8179921476
|
| 020 |
|
|
|a 0852929285
|
| 040 |
|
|
|a CtWfDGI
|c CtWfDGI
|d NIC
|d BD-DhAAL
|
| 050 |
1 |
4 |
|a HF5549
|b .R44 2001b
|
| 082 |
0 |
4 |
|a 658.3
|2 22
|
| 100 |
1 |
|
|a Reed, Alec.
|9 14991
|
| 245 |
1 |
0 |
|a Innovation in human resource management :
|b tooling up for the talent wars /
|c Alec Reed.
|
| 246 |
3 |
0 |
|a Human resource
|
| 260 |
|
|
|a London ;
|a Mumbai :
|b CIPD ;
|b Jaico Publishing,
|c 2004
|
| 300 |
|
|
|a 140 p. ;
|c 24 cm.
|
| 500 |
|
|
|a Title from title screen.
|
| 504 |
|
|
|a Includes bibliographical references and index.
|
| 506 |
|
|
|a Access restricted to authorized subscribers.
|
| 516 |
|
|
|a Text.
|
| 530 |
|
|
|a Available also in a print ed.
|
| 538 |
|
|
|a Mode of access: World Wide Web.
|
| 541 |
|
|
|e 5800
|
| 550 |
|
|
|a Digitized and made available by: Books24x7.com.
|
| 650 |
|
0 |
|a Personnel management
|9 14992
|
| 650 |
|
7 |
|a Personnel management
|2 fast
|9 14992
|
| 942 |
|
|
|2 ddc
|c BK
|
| 999 |
|
|
|c 35647
|d 35647
|
| 952 |
|
|
|0 0
|1 0
|2 ddc
|4 0
|6 658_300000000000000_REE
|7 0
|9 56059
|a SCL
|b SCL
|c GEN
|d 2015-09-22
|g 1195.00
|l 0
|o 658.3 REE
|p 3020005800
|r 2015-09-22
|t 1
|w 2015-09-22
|y BK
|